000 00722cam a2200229 a 4500
020 _a9789995052140
020 _a9995052148
040 _cCUS
082 _a333 CAM 2006 A065 Or.
100 1 _aHansen, Kasper K.
245 1 0 _aNatural forest benefits and economic analysis of natural forest conversion in Cambodia /
246 1 7 _aNatural forest conversion in Cambodia
260 _aPhnom Penh :
_bCambodia Development Resource Institute,
_c[2006]
300 _a117 p. :
_bill. (some col.), col. map ;
_c30 cm.
490 1 _aWorking paper,
500 _a"December 2006."
650 0 _aForests and forestry
650 0 _aForest conservation
650 0 _aForest management
700 1 _aTop, Neth.
942 _cEK
999 _c14229
_d14229